000 03062nam a2200529 i 4500
001 196003
003 ES-MaACL
005 20250416063106.0
008 240809s2020 sp a | ||||o000 0 spa
015 _aMON20
017 _aM 21890-2020
_bOficina Depósito Legal Madrid
020 _a9788483471876
024 7 _a 109-20-054-9
_qen papel
_2nipo
024 7 _zNIPO 109-20-055-4
_qen línea
_2nipo
035 _a(SpMaBN)a6742893
035 _a32715751-34bne_inst
035 _a991029699259708606
040 _aSpMaBN
_bspa
_cES-MaACL
080 _a027(460.271)
080 _a341.232.7
080 _a339.96
080 _a021.64
100 _aGarcía Martín, Araceli,
_d1962-
_9237965
_eaut
245 1 0 _aCooperación para el desarrollo y bibliotecas /
_cAraceli García Martín.
250 _aPrimera edición 2020
264 1 _aMadrid :
_bAECID,
_c2020.
300 _a192 páginas :
_bilustraciones (color), gráficos (color) ;
_c23 cm.
336 _aTexto
_2rdacontent
337 _asin mediación
_2rdamedia
338 _avolumen
_2rdacarrier
500 _aIncluye apéndices documentales
504 _aBibliografía: páginas 183-192
520 _aLas páginas que siguen a continuación reflejan el mundo de la cooperación para el desarrollo visto desde la Biblioteca de la AECID. La actividad profesional desarrollada a lo largo de muchos años en esta Biblioteca ha ido requiriendo una puesta al día de conocimientos, pues la cooperación es una disciplina complicada, cambiante y que exige actuar con metodología y rigor para sacar el máximo rendimiento a unos recursos siempre escasos. La adquisición de conocimientos se ha complementado con actividades reales en las que ha participado la Biblioteca. Éstas muestran un lado de la cooperación que es internacional, pero no por ello ha sido necesario trasladarse siempre al terreno para llevarlas a cabo. La revisión de numerosos proyectos (siempre relacionados con las bibliotecas) y la atención a muchos usuarios que venían a obtener información útil antes de iniciar un proyecto en el extranjero, junto a las imprescindibles lecturas especializadas, han sido la mejor escuela.
610 0 _aAgencia Española de Cooperación Internacional para el Desarrollo-
_bBiblioteca
_9237966
650 4 _aCooperación cultural
_2embne
_911349
650 0 _aProyectos de desarrollo económico y social
_2embne
_9237967
650 0 _aCooperación entre bibliotecas
_2embne
_9237968
650 0 _aBibliotecas
_9188814
852 _aES-MaACL
_cDEPOJ
_jN-9123
_gDedicatoria autógrafa de la autora
_hDonación: Araceli García Martín
_xEncuadernación rústica con solapas
_9205032
876 _aSDB 027:341.232.7 GAR
_p1106370211
_lSDB
_eDEPOSITO_LEGAL
883 1 _aCotejo registros de fondos y signatura-ítem
_d20231105
903 _9237965
_aGarcía Martín, Araceli,
_d1962-
_ednr
942 _cMONOGRAFIA
_n0
999 _c196003
_d196003